Mechanizmy obespečenija bezopasnosti: ocenka effektivnosti.

Modelovanie hospodárskych objektov pre tvorbu systému zabezpečenia bezpečnosti. Metodológia hodnotenia efektívnosti ekonomických mechanizmov. Štruktúra imitačného systému hodnotenia efektívnosti ekonomických mechanizmov zabezpečenia bezpečnosti, jeho bloky a základné funkcie.

Salvato in:
Dettagli Bibliografici
Autore principale: Burkov, V.
Altri autori: Ščepkin, A.
Natura: Capitolo di libro
Lingua:russo
Soggetti:
Tags: Aggiungi Tag
Nessun Tag, puoi essere il primo ad aggiungerne!!

MARC

LEADER 00000naa a2200000 4500
001 r010378
005 20221130113315.7
041 0 |a rus 
044 |a [SU] 
245 1 0 |a Mechanizmy obespečenija bezopasnosti: ocenka effektivnosti.  |c V. Burkov, A. Ščepkin 
520 |a Modelovanie hospodárskych objektov pre tvorbu systému zabezpečenia bezpečnosti. Metodológia hodnotenia efektívnosti ekonomických mechanizmov. Štruktúra imitačného systému hodnotenia efektívnosti ekonomických mechanizmov zabezpečenia bezpečnosti, jeho bloky a základné funkcie. 
610 2 0 |a bezpečnosť ekonomická 
610 2 0 |a mechanizmus hospodársky 
610 2 0 |a efektívnosť 
610 2 0 |a stratégia hospodárska 
610 2 0 |a ochrana majetku 
610 2 0 |a modely ekonomické 
610 2 0 |a metodológia 
100 1 |a Burkov, V. 
700 1 |a Ščepkin, A.